| 000 | 00673nam a2200229 a 4500 | ||
|---|---|---|---|
| 001 | 41931 | ||
| 003 | BD-RjUL | ||
| 005 | 20211209053454.0 | ||
| 008 | 160607r19601959enk 00100 eng d | ||
| 035 | _a(BD-RjUL)42049 | ||
| 035 | _a866970 | ||
| 040 |
_aANL _beng _dANL _cBD-RjUL |
||
| 041 | _aeng | ||
| 082 |
_a325.342096 _bCOB 1960 |
||
| 100 | 1 |
_aCohen, A. B. _q(Andrew Benjamin), _d1909- _9128871 |
|
| 245 | 1 | 0 |
_aBritish policy in changing Africa / _c A. B. Cohen |
| 260 |
_aLondon : _bRoutledge & K. Paul, _c1959 [Reprinted 1960] |
||
| 300 |
_ax, 118 p. ; _c23 cm. |
||
| 500 | _aIncludes index | ||
| 651 | 0 |
_aGreat Britain _xColonies _zAfrica. _9128872 |
|
| 942 |
_2ddc _cBK |
||
| 999 |
_c41931 _d41931 |
||